000 00749nam a22002417a 4500
999 _c14681
_d14681
003 AR-CdUCM
008 190424b ||||| |||| 00| 0 spa d
020 _a978-958-30-2225-8
040 _aMUNICIPALIDAD PROVINCIAL DEL CUSCO
_cBIBLIOTECA MUNICIPAL DEL CUSCO
041 _heng
082 _aPI / 803.08 /
_bW82
100 _aWolf, Tony
_933442
245 _aAladin, el osito mágico /
260 _aBogota :
_bPanamericana,
_c2006.
300 _a30 páginas ;
_bIlustraciones,
_c20 cm.
505 _aContenido: Aladin el osito mágico.
650 _aCuentos infantiles
_93927
650 _aLectura infantil
_928296
650 _aAladin
_933538
700 _aForte, Lino (traductor)
_933546
942 _2ddc
_cLIBROS
945 _acmm
_d2019-04-24